Españoles famosos por imagen #1 - Estadísticas

Estadísticas generales
  • Esta prueba ha sido intentada 8.082 veces
  • La puntuación promedio es 12 de 20
Estadísticas de respuestas
Imagen Respuesta % Correcto
Francisco Franco
97%
Rafael Nadal
97%
Rosalía
96%
Felipe VI
93%
Sergio Ramos
93%
Pau Gasol
87%
Miguel de Cervantes
84%
Pablo Picasso
84%
Penélope Cruz
77%
Florentino Pérez
72%
Enrique Iglesias
70%
Ester Expósito
70%
Javier Bardem
65%
Elsa Pataky
51%
Pedro Almodóvar
46%
Ángel Nieto
23%
Antonio Machado
17%
Ignacio de Loyola
8%
Jordi Mollà
6%
Paco Rabanne
5%
No se encontraron pruebas coincidentes
Distribución de puntuación
Porcentaje de gente con cada puntuación
Porcentaje por número respondido
Historial de tus puntuaciones
No has intentado esta prueba.